Top 100 Baby names in Luxembourg (2020) - Statistics

General Stats
  • This quiz has been taken 43 times
  • The average score is 25 of 99
Answer Stats
# Name % Correct
7 Lina
67%
12 Anna
58%
6 Luca
58%
1 Emma
54%
31 Marie
54%
47 Sara
54%
20 David
50%
24 Emil
50%
8 Maria
50%
15 Julie
46%
39 Olivia
46%
42 Alex
42%
21 Daniel
42%
25 Ella
42%
1 Gabriel
42%
37 Hanna
42%
17 Julia
42%
10 Leo
42%
44 Lia
42%
5 Lucas
42%
4 Noah
42%
40 Charles
38%
10 Charlotte
38%
21 Emily
38%
6 Lea
38%
42 Léa
38%
13 Sofia
38%
3 Sophie
38%
22 Ben
33%
9 Eva
33%
43 Lisa
33%
23 Samuel
33%
22 Sarah
33%
41 Alexander
29%
33 Emilia
29%
48 Lara
29%
14 Laura
29%
19 Lou
29%
38 Lou
29%
3 Louis
29%
32 Luna
29%
18 Mateo
29%
8 Matteo
29%
7 Felix
25%
5 Lena
25%
2 Mia
25%
40 Nora
25%
26 Rose
25%
24 Stella
25%
9 Adam
21%
11 Arthur
21%
35 Clara
21%
45 Lana
21%
2 Liam
21%
41 Mara
21%
16 Mila
21%
38 Oscar
21%
25 Theo
21%
32 Tomás
21%
43 Victor
21%
14 Alexandre
17%
48 Benjamin
17%
23 Chloé
17%
35 Dylan
17%
18 Elena
17%
34 Hugo
17%
28 Jules
17%
30 Louise
17%
45 Martin
17%
27 Nina
17%
37 Noé
17%
4 Alice
13%
46 Charlie
13%
16 Elias
13%
19 Iris
13%
17 Isaac
13%
46 Leonardo
13%
50 Maya
13%
11 Victoria
13%
29 Zoé
13%
33 Lio
8%
36 Maxime
8%
26 Nicolas
8%
30 Tiago
8%
36 Yasmine
8%
15 Alessio
4%
29 Diego
4%
13 Enzo
4%
47 Finn
4%
39 Lorenzo
4%
28 Matilde
4%
49 Bryan
0%
34 Giulia
0%
20 Leonor
0%
49 Lya
0%
44 Martim
0%
31 Mathis
0%
27 Rafael
0%
12 Santiago
0%
No matching quizzes found
Score Distribution
Percent of People with Each Score
Percentile by Number Answered
Your Score History
You have not taken this quiz